00974 2200289 4500001002100000005001500021008004100036035002000077082000800097084001400105100001800119245004900137250000600186260003500192300001200227520032300239650001400562990001200576990001200588990001200600990001200612990001200624990001200636990001200648990001200660990001200672INLIS00000000000128820240516123524240516 0 ind  a0010-0524000523 a200 a200 AGU t aMustofa, Agus1 aTernyata Akhirat Tidak Kekal /cAgus Mustofa a1 aSurabaya :bPadma Press,c2005 a241 hlm aBenarkah akhirat itu kekal ? Kekal mana dibandingkan Allah, Sang Pencipta ? Bagaimana Allah merekam perbuatan manusia dan mengadilinya kelak ? Bagaimana cara Allah membangkitkan manusia dari dalam kuburnya ? Dan apakah manusia bakal ada selama-lamnya ? Buku ini mengajak anda untuk berdiskusi secara Qur'ani dan Kauni. 4aNon Fiksi a0744178 a0744179 a0744180 a0744181 a0744182 a0744183 a0744184 a0744185 a0755553